Údržba budov : facility management
Guardado en:
| Autor principal: | |
|---|---|
| Formato: | Libro |
| Lenguaje: | eslovaco |
| Publicado: |
Bratislava :
STU v Bratislave,
2010
|
| Edición: | 1. vyd. |
| Materias: | |
| Etiquetas: |
Sin Etiquetas, Sea el primero en etiquetar este registro!
|
MARC
| LEADER | 00000nam a22000003a 4500 | ||
|---|---|---|---|
| 001 | stu215024 | ||
| 005 | 20220317190115.7 | ||
| 008 | 101028s2010----xo------------------slo-d | ||
| 020 | |a 978-80-227-3372-4 | ||
| 040 | |a STU |b slo | ||
| 041 | 0 | |a slo | |
| 044 | |a xo | ||
| 100 | 1 | |a Somorová, Viera, |d 1948- |4 aut |u V270 |9 100 |U SvF Stavebná fakulta |T SvF Katedra technológie stavieb |X 672 |U V270 |Y 28 |7 A000000672 | |
| 242 | 0 | 0 | |a Maintentance of buildings. Facility management |y eng |
| 245 | 1 | |a Údržba budov : |b facility management | |
| 250 | |a 1. vyd. | ||
| 260 | |a Bratislava : |b STU v Bratislave, |c 2010 | ||
| 300 | |a 72 s. | ||
| 650 | 7 | |a údržba budov |2 stusub | |
| 996 | |b 284V033889 |c V*42715/S-10 |l VVS |s A |a 24 |w stu215024_0001 | ||
| 996 | |b 284V033888 |c V*42714/S-10 |l VVS |s A |a 24 |w stu215024_0002 | ||
| 996 | |b 284V033887 |c V*42713/S-10 |l VVT |s A |a 24 |w stu215024_0003 | ||